Globalizácia a výzvy pe edukáciu
Globalizácia ako fenomém, ktorý bude v budúcnosti významne zasahovať aj do edukácie, ovplyvňovať formy práce učiteľa a samotný obsah vzdalávania. Meniace sa podmienky a vzájomná spolupráca globalizácie a edukácie.
Salvato in:
| Autore principale: | |
|---|---|
| Natura: | Capitolo di libro |
| Lingua: | slovacco |
| Soggetti: | |
| Tags: |
Nessun Tag, puoi essere il primo ad aggiungerne!!
|
MARC
| LEADER | 00000naa a2200000 4500 | ||
|---|---|---|---|
| 001 | 0226921 | ||
| 005 | 20231127103641.2 | ||
| 041 | 0 | |a slo | |
| 044 | |a SK | ||
| 245 | 1 | 0 | |a Globalizácia a výzvy pe edukáciu |c Erich Petlák |
| 520 | |a Globalizácia ako fenomém, ktorý bude v budúcnosti významne zasahovať aj do edukácie, ovplyvňovať formy práce učiteľa a samotný obsah vzdalávania. Meniace sa podmienky a vzájomná spolupráca globalizácie a edukácie. | ||
| 610 | 2 | 0 | |a vzdelávanie |
| 610 | 2 | 0 | |a politika vzdelávania |
| 610 | 2 | 0 | |a kvalita vzdelávania |
| 610 | 2 | 0 | |a sústava výchovno-vzdelávacia |
| 610 | 2 | 0 | |a didaktika |
| 610 | 2 | 0 | |a globalizácia |
| 100 | 1 | |a Petlák, Erich | |